000 00786nam a2200229 i 4500
001 bg
100 1 _aDYBCZYŃSKI, Władysław
245 1 0 _aProjektowanie opraw oświetleniowych /
_cWładysław Dybczyński, Tadeusz Oleszyński, Małgorzta Skonieczna.
260 _aBiałystok :
_bWydawnictwa PB,
_c1996.
300 _a435 s. :
_brys., wykr. ;
_c23 cm.
490 1 _aRozprawy Naukowe / Politechnika Białostocka,
_x0867-096X ;
_vnr 39
504 _aBibliogr. s. 422-426.
650 9 _aOprawy oświetleniowe
_xprojekty
700 1 _aOLESZYŃSKI, Tadeusz
700 1 _aSKONIECZNA, Małgorzata
830 0 _aRozprawy Naukowe (Politechnika Białostocka) ;
_vnr 39
040 _cBPK
041 0 _apl
080 _a621.32
942 _cKS
008 s pl f |000 0 pol
999 _c31506
_d31506
856 _uhttp://koha.tu.koszalin.pl/cgi-bin/koha/opac-detail.pl?biblionumber=31506
_yKatalog online BPK